Statistics for Slovenia Cities Map Quiz

Click here to take the quiz!

General Stats

  • This quiz has been taken 326 times
  • The average score is 8 of 12

Answers on the Map

Answers color-coded by a green-red scale on the quiz's map according to % correct below.
 

Answer Stats

Answer% Correct
Ljubljana
88%
Koper
85%
Maribor
81%
Murska Sobota
73%
Celje
71%
Jesenice
70%
Novo Mesto
70%
Ptuj
65%
Kamnik
64%
Kranj
64%
Trbovlje
56%
Velenje
52%

Score Distribution

Percentile by Number Answered

Percent of People with Each Score

Your Score History

You have not taken this quiz